Nanoparticles : Synthesis, stabilization, passivation, and functionalization

Gardado en:
Detalles Bibliográficos
Formato: Libro
Idioma:Undetermined
Publicado: Washington, DC Oxford University Press 2008
Những chủ đề:
Các nhãn: Engadir etiqueta
Sen Etiquetas, Sexa o primeiro en etiquetar este rexistro!
Thư viện lưu trữ: Trung tâm Học liệu Trường Đại học Cần Thơ
LEADER 00696nam a2200217Ia 4500
001 CTU_237210
008 210402s9999 xx 000 0 und d
082 |a 620.43 
082 |b N186 
245 0 |a Nanoparticles : 
245 0 |b Synthesis, stabilization, passivation, and functionalization 
245 0 |c R. Nagarajan, editor, T. Allan Hatton, editor 
260 |a Washington, DC 
260 |b Oxford University Press 
260 |c 2008 
526 |a Vật liệu cấu trúc nano 
526 |b TN419 
650 |a Nanoparticles,Nanoscience,Nanostructures,Khoa học nano 
904 |i Hạ Nguyên 
910 |a Tuyến 
980 |a Trung tâm Học liệu Trường Đại học Cần Thơ